PRONIKÁNÍ A METABOLISMUS DDT U CITLIVÝCH A REZISTENTNÍCH POPULACÍ MANDELINKY BRAMBOROVÉ (LEPTINOTARSA DECEMLINEATA SAY)

Podrobná bibliografia
Hlavní autori: Hanker, Ivan (Autor), Taimr, Lubomír (Autor)
Médium: Článok
Jazyk:čeština

MARC

LEADER 00000nab a2200000uu 4500
001 vtls011442348
003 SK-MaSNL
005 20260303123330.0
008 230213|1971 xo |||||||||||||||||cze|
015 |a SNBRB 
035 |a (urnnbn)urn:nbn:sk:snk:ar-00325b 
035 |a (uuid)3fdc5041-80a5-4522-9200-8e2d93a54900 
035 |a urn:nbn:sk:snk-abcgdv 
040 |a SNKBUCL  |b slo  |c SNKBUCL  |e AACR2 
041 0 |a cze 
044 |a xo  |c SK 
100 1 |a Hanker, Ivan  |4 aut  |9 1139032 
245 1 0 |a PRONIKÁNÍ A METABOLISMUS DDT U CITLIVÝCH A REZISTENTNÍCH POPULACÍ MANDELINKY BRAMBOROVÉ (LEPTINOTARSA DECEMLINEATA SAY)  |c Ivan Hanker, Lubomír Taimr 
700 1 |a Taimr, Lubomír  |4 aut  |9 381483 
773 0 |t Biológia : časopis Slovenskej akadémie vied  |g Roč. 26, č. 11 (1971), s. 797-803 
954 |a odborná, vedecká literatúra pôvodná (slovenská)  |2 lita 
958 |a OND 
958 |a EUIPO 
958 |a article16 
999 |c 1925302  |d 1927232